000 00972cac a2200313 i 4500
003 EG-GICUC
005 20260224095742.0
008 260224s2001 mnu fr 001 0 eng d
020 _a031424669X
040 _aDLC
_cDLC
_dDLC
_dEG-GICUC
_beng
_erda
050 0 0 _aKZ1242.5
_b.J36 2001
082 0 0 _a341
_221
092 0 4 _221
099 _aLaw 11 2001
100 1 _aJanis, Mark W.
245 1 0 _aTeatcher's manual to accompany Cases and commentary on international law /
_cby Mark W. Janis, John E. Noyes.
250 _a2nd edition.
264 _aSt. Paul, Minn. :
_bWest Group,
_c2001.
300 _aiii, 122 pages ;
_c26 cm.
336 _atext
_2rdacontent
337 _aComputer
_2rdamedia
338 _aOnline Resource
_2rdacarrier
440 0 _aAmerican casebook series
650 0 _aInternational law.
700 1 _aNoyes, John E.,
_d1951-
856 4 0 _uhttps://fll.law.cu.edu.eg/fulltext/bks/ENGB11-00090.pdf
905 _a10
942 _2ddc
_cBK
_e21
_n0
999 _c64102
_d64102